000
00187 a2200097 4500
001
6702
100
_a
Hoo
245
_a
Home of the Hero's
260
_a
_b
Thames
_c
090
_c
5555
_d
5555
942
_a
NUST-CAE
_c
M
_c
31995
999
_c
241775
_d
241775